Obálka Náhled e-knihy:
Epub
Pro půjčování e-knih musíte být přihlášeni.
Jak si půjčit online?

The Little Mermaid /

How much are you willing to sacrifice in the name of love? In the beloved fairy tale ´The Little Mermaid´, Hans Christian Andersen beautifully depicts a mermaid princess' tranquil but tragic life under the sea. Curious about humans, the princess daringly ventures above the surface and finds her...

Celý popis

Uloženo v:
Hlavní autor: Andersen, Hans Christian (Autor)
Médium: E-kniha
Jazyk:Czech
Vydáno: Praha : Saga Egmont, 2021
Tagy:
Žádné tagy
LEADER 01897nam a22002297i 4500
001 312048
007 ta
008 260601s2021 xr ||||| |||| 00| 0 cze d
020 |a 9990003830999 
044 |a xr 
100 1 |a  Andersen, Hans Christian  |4 aut 
245 1 0 |a The Little Mermaid /  |c  Andersen, Hans Christian 
264 1 |a Praha :  |b Saga Egmont,  |c 2021 
300 |a 1 online zdroj (32 stran) 
336 |a text  |b txt  |2 rdacontent 
337 |a bez média  |b n  |2 rdamedia 
338 |a online zdroj  |b cr  |2 rdacarrier 
520 2 |a How much are you willing to sacrifice in the name of love? In the beloved fairy tale ´The Little Mermaid´, Hans Christian Andersen beautifully depicts a mermaid princess' tranquil but tragic life under the sea. Curious about humans, the princess daringly ventures above the surface and finds herself drawn to a human prince. However, being unable to do anything about her growing love for the prince, she eventually seeks help from a mystical sea witch, who changes her life forever - but at what cost? A story which uncovers themes such as unrequited love and alienation, ´The Little Mermaid´ is the ideal read for fans of Guillermo del Toro's ´The Shape of Water´. A live-action remake featuring Halle Bailey is set to release in 2023. Hans Christian Andersen (1805-1875) was a Danish author, poet, and artist. Celebrated for children’s literature, his most cherished fairy tales include "The Emperor's New Clothes", "The Little Mermaid", "The Snow Queen", and "The Ugly Duckling". 
910 |a RBIT002 
998 |d 383099  |a https://core.palmknihy.cz/api/books/383099/cover?s0mesr  |b https://core.palmknihy.cz/api/books/383099/cover/400?s0mesr  |c https://core.palmknihy.cz/api/books/383099/cover/50?s0mesr  |e   |g 32  |i 9990003830999  |j https://core.palmknihy.cz/api/books/383099/preview.epub  |l   |q 49  |r 1  |s https://www.palmknihy.cz/kniha/383099  |t ebook  |y 2021  |z 1 
999 |d 312046